La orientación en la sala de clases: unidades de orientacion para profesores jefes
Gespeichert in:
| 1. Verfasser: | |
|---|---|
| Format: | Buch |
| Sprache: | Spanisch |
| Veröffentlicht: |
Valparaíso
PrePrensa Chromo Service
1997
|
| Ausgabe: | 2a. ed |
| Schlagworte: | |
| Tags: |
Tag hinzufügen
Keine Tags, Fügen Sie den ersten Tag hinzu!
|
MARC
| LEADER | 00000nam a2200000 a 4500 | ||
|---|---|---|---|
| 001 | UCH4098 | ||
| 003 | CL-VaPUC | ||
| 008 | 090818e19970000CL |||||||||||||||||spa|d | ||
| 020 | |a 9562727157 | ||
| 082 | 0 | 4 | |a 371.42 |b UTI |2 21 |
| 100 | 0 | |a Utillano Otárola, Héctor Elías |e author |9 539575 | |
| 245 | 1 | 3 | |a La orientación en la sala de clases: unidades de orientacion para profesores jefes |
| 250 | |a 2a. ed | ||
| 300 | |a 320 p | ||
| 942 | |c BK | ||
| 945 | |d 20090818 00:00:00 |a lazolas | ||
| 260 | |a Valparaíso |b PrePrensa Chromo Service |c 1997 | ||
| 650 | 7 | |a ORIENTACION EDUCACIONAL |2 CL-VaPUC |9 312512 | |
| 650 | 7 | |a ORIENTACION PEDAGOGICA |2 CL-VaPUC |9 334838 | |
| 650 | 7 | |a PERSONAL DE ORIENTACION PEDAGOGICA |2 CL-VaPUC |9 335458 | |
| 583 | |a last modification |c 20090818 00:00:00 |k Rodrigo Vera | ||
| 999 | |c 335447 |d 335445 | ||